000 00211nam a22000857a 4500
008 161129b xxu||||| |||| 00| 0 eng d
100 _91538
_aSinha.S
245 _aThe Primary Teacher
260 _aNew Delhi
_bNCERT
_c2005
999 _c4269
_d4269